Statistics for Top 50 Best Ranked Football Teams

Click here to take the quiz!

General Stats

  • This quiz has been taken 89 times
  • The average score is 29 of 50

Answer Stats

HintClub% Correct
EnglandManchester City
96%
SpainReal Madrid
96%
EnglandArsenal
94%
SpainBarcelona
94%
GermanyBayern Munich
94%
ItalyAC Milan
92%
EnglandManchester United
92%
ItalyJuventus
90%
GermanyBorussia Dortmund
87%
PortugalFC Porto
87%
EnglandLiverpool FC
87%
ItalyInter Milan
86%
SpainAtlético Madrid
81%
FranceParis Saint-Germain
81%
PortugalBenfica
80%
NetherlandsAjax
78%
EnglandTottenham Hotspur
77%
ItalySSC Napoli
76%
PortugalSporting Lisbon
73%
EnglandAston Villa
71%
NetherlandsPSV Eindhoven
71%
ItalyRoma
71%
SpainSevilla
65%
ItalyLazio
63%
EnglandNewcastle United
54%
SerbiaFK Red Star Belgrade
51%
AustriaRB Salzburg
51%
GermanyRB Leipzig
49%
NetherlandsFeyenoord
48%
SpainReal Sociedad
48%
PortugalBraga
47%
EnglandBrighton
47%
ArgentinaRiver Plate
46%
ItalyAtalanta
43%
BrazilFlamengo
43%
ItalyFiorentina
42%
SpainVillarreal
39%
GermanyBayer Leverkusen
38%
GermanyFC Union Berlin
38%
BrazilPalmeiras
38%
CzechiaSlavia Prague
38%
UkraineShakhtar Donetsk
35%
FranceLens
32%
EgyptAl Ahly
23%
BrazilFluminense
23%
EnglandBrentford FC
20%
EstoniaFlora Tallinn
19%
BrazilBotafogo
14%
BrazilAtlético Mineiro
11%
EcuadorIndependiente
6%

Score Distribution

Percentile by Number Answered

Percent of People with Each Score

Your Score History

You have not taken this quiz